Most Populous Districts of Sri Lanka - Statistics

General Stats
  • This quiz has been taken 8 times
  • The average score is 4 of 10
Answer Stats
Population District % Correct
5,672,292 Colombo
100%
1,982,743 Kandy
60%
1,135,772 Galle
40%
817,927 Jaffna
40%
821,413 Nuwara Eliya
40%
1,097,421 Anuradhapura
20%
894,928 Badulla
20%
3,026,446 Gampaha
20%
1,156,334 Kalutara
20%
1,665,395 Kurunegala
20%
No matching quizzes found
Score Distribution
Percent of People with Each Score
Percentile by Number Answered
Your Score History
You have not taken this quiz